Senderos y caminos del centro-sur de la provincia de Pamplona. Volumen I, Itinerario geológico y geomorfológico del recorrido Pamplona, Cácota de Velasco, Chitagá y Santo Domingo de Silos /

Detalles Bibliográficos
Autores principales: Mejía Molina, Alejandra (Autor), Villamizar Solano, Ilich (Autor)
Formato: Electrónico eBook
Lenguaje:español
Publicado: [Pamplona, Colombia] : Sello Editorial Unipamplona, [2025]
Edición:Primera edición.
Colección:Colección Biología y ciencias naturales (Universidad de Pamplona)
Materias:
Acceso en línea:Digitalia Hispánica

MARC

LEADER 00000nam a2200000 i 4500
001 DIGUPAMP0098
003 NyNyDIG
007 cr |||||||||||
008 260123s2025 ck abo ob 000 0 spa d
006 m o d
035 |a (OCoLC)1569883567 
040 |a DGITA  |b eng  |e rda  |e pn  |c DGITA 
020 |a 9786287656680  |q (digital) 
024 7 |a 10.24054/seu.120  |2 doi 
043 |a s-ck--- 
050 1 4 |a GB432.C7 ebook 
100 1 |a Mejía Molina, Alejandra,  |e author. 
245 1 0 |a Senderos y caminos del centro-sur de la provincia de Pamplona.  |n Volumen I,  |p Itinerario geológico y geomorfológico del recorrido Pamplona, Cácota de Velasco, Chitagá y Santo Domingo de Silos /  |c Alejandra Mejía-Molina, Ilich Villamizar-Solano. 
246 3 0 |a Itinerario geológico y geomorfológico del recorrido Pamplona, Cácota de Velasco, Chitagá y Santo Domingo de Silos 
250 |a Primera edición. 
264 1 |a [Pamplona, Colombia] :  |b Sello Editorial Unipamplona,  |c [2025] 
300 |a 1 online resource :  |b illustrations, maps, photographs. 
336 |a text  |b txt  |2 rdacontent 
337 |a computer  |b c  |2 rdamedia 
338 |a online resource  |b cr  |2 rdacarrier 
347 |a text file  |2 rdaft 
347 |b PDF 
490 1 |a Colección Biología y ciencias naturales 
504 |a Includes bibliographical references. 
588 0 |a Online resource; title from PDF title page (Digitalia, viewed January 23, 2025) 
650 0 |a Geology  |z Colombia  |z Pamplona (Province) 
650 0 |a Geomorphology  |z Colombia  |z Pamplona (Province) 
700 1 |a Villamizar Solano, Ilich,  |e author. 
791 2 |a Digitalia (Firm),  |e distributor. 
793 0 |g Digitalia eBook Collection:  |a Universidad de Pamplona 
830 0 |a Colección Biología y ciencias naturales (Universidad de Pamplona) 
856 4 0 |3 Digitalia Hispánica  |u https://www.digitaliapublishing.com/a/183724/ 
910 |a Premium collection: 2026